007910000a22003010004500500002700000650001600027650001100043650002400054650001600078650001200094650002000106650002200126650001100148650001600159651001000175651002100185651001700206082002100223518001400244530000800258100002000266245008400286260002100370502006000391260000900451300002100460041000800481 aBibliography: p. 75-78 aCultivation aOrange aEconomic conditions aAgriculture aFarmers aFarmer's income aSocial conditions aFruits aCultivators aNepal aChitwan District aDarechok VDC a631.51bSh84scD a2006-7-20 aDis aShrestha, Dipak aSocio-economic impact of orange cultivation in Darechok VDC of Chitwan District aKathmandu, Nepal aDissertationbDegree in Economics, Tribhuvan University c2005 aix, 92p.billus. aEng